Manual del inspector de trabajo y seguridad social / (Registro nro. 11298)

Detalles MARC
000 -LEADER
fixed length control field 01117nam a2200313 4500
001 - CONTROL NUMBER
control field 0000024107
003 - CONTROL NUMBER IDENTIFIER
control field CO-CtgCURN
005 - DATE AND TIME OF LATEST TRANSACTION
control field 20250329191022.0
007 - PHYSICAL DESCRIPTION FIXED FIELD--GENERAL INFORMATION
fixed length control field ta
008 - FIXED-LENGTH DATA ELEMENTS--GENERAL INFORMATION
fixed length control field 160627s2011 000 0 eng d
020 ## - INTERNATIONAL STANDARD BOOK NUMBER
International Standard Book Number 974948
040 ## - CATALOGING SOURCE
Original cataloging agency CO-CtgCURN
Language of cataloging spa
Transcribing agency coctgcurn
082 0# - DEWEY DECIMAL CLASSIFICATION NUMBER
Classification number 344.02
Item number M977
100 1# - MAIN ENTRY--PERSONAL NAME
Personal name Muriel Ciceri, José Hernan.
245 10 - TITLE STATEMENT
Title Manual del inspector de trabajo y seguridad social /
Statement of responsibility, etc. José Hernan Muriel Ciceri , Colombia. Ministerio de Trabajo y Seguridad Social.
260 ## - PUBLICATION, DISTRIBUTION, ETC.
Place of publication, distribution, etc. Bogotá :
Name of publisher, distributor, etc. Ministerio de Trabajo,
Date of publication, distribution, etc. [2011]
300 ## - PHYSICAL DESCRIPTION
Extent 460 p.
336 ## - CONTENT TYPE
Source rdacontent
337 ## - MEDIA TYPE
Source rdamedia
Media type term sin mediacion
Media type code n
338 ## - CARRIER TYPE
Source rdacarrier
Carrier type term volumen
Carrier type code nc
500 ## - GENERAL NOTE
General note Incluye indice y anexos.
504 ## - BIBLIOGRAPHY, ETC. NOTE
Bibliography, etc. note Incluye biliografia (p. 349-379)
505 8# - FORMATTED CONTENTS NOTE
Formatted contents note Sistema de ispección de trabajo -- Competencias en particular
650 14 - SUBJECT ADDED ENTRY--TOPICAL TERM
Topical term or geographic name entry element Política laboral
General subdivision Manuales
Geographic subdivision Colombia.
710 2# - ADDED ENTRY--CORPORATE NAME
Corporate name or jurisdiction name as entry element Colombia. Ministerio de Trabajo y Seguridad Social.
908 ## - PUT COMMAND PARAMETER (RLIN)
Put command parameter 160627
942 ## - ADDED ENTRY ELEMENTS (KOHA)
Koha item type Libros
Classification part 344.02
Item part M977
Source of classification or shelving scheme Dewey Decimal Classification
Existencias
Withdrawn status Lost status Source of classification or shelving scheme Damaged status Not for loan Collection Home library Current library Shelving location Date acquired Inventory number Total checkouts Full call number Barcode Date last seen Copy number Price effective from Koha item type Public note
    Dewey Decimal Classification     General Miguel Henríquez Castañeda Miguel Henríquez Castañeda General 03/29/2025 012240   344.02 M977 012240 03/29/2025 ej.1 03/29/2025 Libros 340-DEREC